000 00542nam a22001937a 4500
003 koha_MIRAKIL
005 20231213100204.0
008 231213b |||||||| |||| 00| 0 ||| d
020 _b978-6-05-081635-8
040 _aTR-IsEVY
_btur
_cTR-IsEVY
082 _aFIC ORA/L
100 _aOrakçı, Mustafa.
245 0 _aLevent böcek dedektifi
260 _bTimaş Yayınları,
_c2015
300 _a89 s.
650 _aChildren's literature -- Short stories, Turkish.
650 _aÇocuk edebiyatı -- Hikaye, Türk.
942 _2ddc
_cBK
999 _c15962
_d15962